| 000 -Etiqueta do registo | |
|---|---|
| campo de controlo de comprimento fixo | 008700000a22002770004500 |
| 001 - Identificador do registo | |
| Campo de controlo | 45464 |
| 021 ## - Nº depósito legal | |
| Código do país | Portugal |
| Número | 364/01 |
| 100 ## - Dados Gerais de Proc. | |
| Dados gerais de processamento | 20051124d2001 k y0pory5003 ba |
| 101 0# - Língua da publicação | |
| Língua do documento no original | Inglês |
| Língua das legendas | Português |
| 102 ## - País de Publicação | |
| País de publicação | Portugal |
| 200 1# - Título | |
| Título próprio | Chocolate |
| Primeira menção de responsabilidade | realização de Lasse Hallström |
| Indicação geral da natureza do documento | Registo vídeo |
| 210 ## - Publicação, Distribuição | |
| Lugar da edição, distribuição, etc. | Lisboa |
| Nome do editor, distribuidor, etc. | LNK Home Entertainment |
| Data da publicação, distribuição, etc. | 2001 |
| 215 ## - Descrição física | |
| Descrição física | 1 disco (DVD) (ca 122 min.) |
| Outras indicações físicas | col., son |
| 323 ## - Nota ao elenco | |
| Texto da nota | Actores: Juliete Binoche, Judi Dench, Alfred Molina, Lena Olin e Johnny Depp |
| 333 ## - Potenciais utilizadores | |
| Texto da nota | Maiores de 12 anos |
| 606 ## - Nome comum | |
| Elemento de entrada | Literatura estrangeira |
| 606 ## - Nome comum | |
| Elemento de entrada | Conto |
| 606 ## - Nome comum | |
| Elemento de entrada | Cinema |
| 675 ## - CDU | |
| Notação | 85 |
| Língua da edição | Português |
| 675 ## - CDU | |
| Notação | 791 |
| Língua da edição | Português |
| 675 ## - CDU | |
| Notação | 791.43-2 |
| Edição | BN |
| Língua da edição | Português |
| 700 #1 - Responsabilidade principal | |
| Palavra de ordem | Hallström |
| Outra parte do nome | Lasse |
| 090 ## - Números de controlo do sistema (Koha) | |
| Número biblioitem do Koha (gerado automaticamente) | 45464 |
| 942 ## - Elementos de entrada adicionados (Koha) | |
| Tipo de item no Koha | Multimédia |
| Suprimido | Disponível no OPAC |
| 999 ## - Campo local | |
| Campo local | 45464 |
| Perdido (estado) | Data de aquisição | Origem do registo (biblioteca) (codificado) | Código da organização que empresta ou é detentora (biblioteca) | Código de barras | Cota | Tipo de circulação (não pode ser emprestado) | Tipo de item e material |
|---|---|---|---|---|---|---|---|
| Disponível | 2005-11-24 | Biblioteca da Escola Secundária Dr. Jorge Augusto Correia | Biblioteca da Escola Secundária Dr. Jorge Augusto Correia | BESJACDVD 132 | 85 CHO | Normal | Multimédia |